Crisis in Indian judiciary (Record no. 345958)

000 -LEADER
fixed length control field 00325cam a22001217a 4500
008 - FIXED-LENGTH DATA ELEMENTS--GENERAL INFORMATION
fixed length control field 180718b1973 xxu||||| |||| 00| 0 eng d
082 ## - DEWEY DECIMAL CLASSIFICATION NUMBER
Classification number H12x54 H361
100 ## - MAIN ENTRY--PERSONAL NAME
Personal name Hugde, K.S.
245 ## - TITLE STATEMENT
Title Crisis in Indian judiciary
Statement of responsibility, etc. by K.S. Hugde
260 ## - PUBLICATION, DISTRIBUTION, ETC.
Place of publication, distribution, etc. Bombay
Name of publisher, distributor, etc. Sindhu Publications
Date of publication, distribution, etc. 1973
300 ## - PHYSICAL DESCRIPTION
Extent 93p.
650 ## - SUBJECT ADDED ENTRY--TOPICAL TERM
Topical term or geographic name entry element Courts --India
Holdings
Withdrawn status Lost status Damaged status Not for loan Permanent Location Current Location Date acquired Full call number Barcode Date last seen Price effective from Koha item type
        Indian Institute of Public Administration Indian Institute of Public Administration 1993-10-09 H12x54 H361 48471 2018-07-21 2018-07-21 Book

Powered by Koha